Catálogo

Vista normal Vista MARC

Entrada Personal Name

Número de registros utilizados en: 1

001 - CONTROL NUMBER

  • control field: 16126

003 - CONTROL NUMBER IDENTIFIER

  • control field: DLC

005 - DATE AND TIME OF LATEST TRANSACTION

  • control field: 20250311112544.0

008 - FIXED-LENGTH DATA ELEMENTS

  • fixed length control field: 010814n| acannaabn |a aaa c

010 ## - LIBRARY OF CONGRESS CONTROL NUMBER

  • LC control number: nr2001032834

040 ## - CATALOGING SOURCE

  • Original cataloging agency: CaQMCCA
  • Language of cataloging: spa
  • Transcribing agency: Mx-PuUPA
  • Modifying agency: Uk
  • Modifying agency: DLC
  • Modifying agency: CaQMCCA
  • Modifying agency: Mx-PuUPA
  • Description conventions: rda

100 1# - HEADING--PERSONAL NAME

  • Personal name: Cheviakoff, Sofía,

374 ## - OCCUPATION

  • Occupation: Autora
  • Occupation: Editora

375 ## - GENDER

  • Gender: mujer

377 ## - ASSOCIATED LANGUAGE

  • Language code: eng

400 1# - SEE FROM TRACING--PERSONAL NAME

  • Personal name: Cheviakof, Sofia

670 ## - SOURCE DATA FOUND

  • Source citation: Ecological architecture, 2000:
  • Information found: t.p. verso (Sofia Cheviakof)

670 ## - SOURCE DATA FOUND

  • Source citation: Josep Lluis Sert, c2003:
  • Information found: verso t.p. (Sofía Cheviakoff) BL AL sent 7 March 2003

670 ## - SOURCE DATA FOUND

  • Source citation: Avery index, June 29, 2003
  • Information found: (Cheviakoff, Sofia)